<?xml version="1.0" encoding="UTF-8"?><?xml-stylesheet type="text/xsl" href="static/style.xsl"?><OAI-PMH xmlns="http://www.openarchives.org/OAI/2.0/" xmlns:xsi="http://www.w3.org/2001/XMLSchema-instance" xsi:schemaLocation="http://www.openarchives.org/OAI/2.0/ http://www.openarchives.org/OAI/2.0/OAI-PMH.xsd"><responseDate>2026-04-17T16:08:50Z</responseDate><request verb="GetRecord" identifier="oai:www.recercat.cat:2445/172222" metadataPrefix="marc">https://recercat.cat/oai/request</request><GetRecord><record><header><identifier>oai:recercat.cat:2445/172222</identifier><datestamp>2025-11-20T13:51:29Z</datestamp><setSpec>com_2072_1057</setSpec><setSpec>col_2072_478799</setSpec><setSpec>col_2072_478917</setSpec></header><metadata><record xmlns="http://www.loc.gov/MARC21/slim" xmlns:dcterms="http://purl.org/dc/terms/" xmlns:xsi="http://www.w3.org/2001/XMLSchema-instance" xmlns:doc="http://www.lyncode.com/xoai" xsi:schemaLocation="http://www.loc.gov/MARC21/slim http://www.loc.gov/standards/marcxml/schema/MARC21slim.xsd">
   <leader>00925njm 22002777a 4500</leader>
   <datafield ind2=" " ind1=" " tag="042">
      <subfield code="a">dc</subfield>
   </datafield>
   <datafield ind2=" " ind1=" " tag="720">
      <subfield code="a">Carreras Barnés, Josep, 1943-2014</subfield>
      <subfield code="e">author</subfield>
   </datafield>
   <datafield ind2=" " ind1=" " tag="260">
      <subfield code="c">2020-11-20T08:39:01Z</subfield>
   </datafield>
   <datafield ind2=" " ind1=" " tag="260">
      <subfield code="c">2020-11-20T08:39:01Z</subfield>
   </datafield>
   <datafield ind2=" " ind1=" " tag="260">
      <subfield code="c">2005</subfield>
   </datafield>
   <datafield ind2=" " ind1=" " tag="520">
      <subfield code="a">Los días 7, 8 y 9 del pasado mes de febrero tuvo lugar en Barcelona la “Tercera Trobada de Professors de Ciències de la Salut”. Las jornadas, auspiciadas por el Vicerectorado de Política Académica de la Universidad de Barcelona y con el apoyo de los decanatos y las direcciones de los centros universitarios del ámbito de las Ciencias de la Salud, se celebraron en la Facultad de Farmacia de la mencionada universidad, y congregaron a 224 participantes implicados en las enseñanzas de Ciencias y Tecnología de los Alimentos, Enfermería, Farmacia, Fisioterapia, Formación Profesional Sanitaria, Medicina, Nutrición y Dietética, Odontología, Podología, Psicología y Terapia Ocupacional.</subfield>
   </datafield>
   <datafield tag="653" ind2=" " ind1=" ">
      <subfield code="a">Professors universitaris</subfield>
   </datafield>
   <datafield tag="653" ind2=" " ind1=" ">
      <subfield code="a">Ciències de la salut</subfield>
   </datafield>
   <datafield tag="653" ind2=" " ind1=" ">
      <subfield code="a">College teachers</subfield>
   </datafield>
   <datafield tag="653" ind2=" " ind1=" ">
      <subfield code="a">Medical sciences</subfield>
   </datafield>
   <datafield ind2="0" ind1="0" tag="245">
      <subfield code="a">La Universidad de Barcelona celebra los “Terceros encuentros de profesores de Ciencias de la Salud”</subfield>
   </datafield>
</record></metadata></record></GetRecord></OAI-PMH>